La represión en Haití: entrevista a representantes del "Collectif Paroles"
Gardado en:
| Formato: | Texto |
|---|---|
| Materias: | |
| Etiquetas: |
Engadir etiqueta
Sen Etiquetas, Sexa o primeiro en etiquetar este rexistro!
|
MARC
| LEADER | 00000 a a2200000 04500 | ||
|---|---|---|---|
| 001 | 18071 | ||
| 003 | |||
| 040 | |||
| 245 | |a La represión en Haití: |b entrevista a representantes del "Collectif Paroles" | ||
| 650 | |a REPRESION | ||
| 650 | |a DEMOCRATIZACION | ||
| 650 | |a PARTIDOS POLITICOS | ||
| 650 | |a MEDIOS DE COMUNICACION | ||
| 650 | |a HAITI | ||
| 773 | |g volumen 5, número 3; páginas 27-29 | ||
| 999 | |c 38881 |d 38881 | ||
| 773 | 0 | |0 42391 |9 3872 |a Agencia Latinoamericana de Información, ALAI |d Quito, Ecuador: ALAI |o 04497 |t ALAI: |x 08275564 (Servicio mensual de información y documentación) | |
